01072nam a22002417a 4500999001900000005001700019008004100036020001800077050002100095245017400116246002100290260003900311300004900350490005200399504003000451650003600481650004300517650004700560700003700607700004600644942001300690952012700703 c153506d15350420200108140817.0200108b sp ||||| |||| 00| 0 fre d a978849682094404aBR127 bR58 2013 aRitus infidelium :bmiradas interconfesionales sobre las prácticas religiosas en la Edad Media /cestudios reunidos por José Martínez Gázquez y John Victor Tolan3 aRitvs infidelivm aMadrid :bCasa de Velazquez,c2013 a ix, 321 páginas :bilustraciones ;c24 cm aColección de la Casa de Velázquez ;vv. 138 aBibliografía p. 294-318 aCristianismo y otras religiones 72lembaIslam xRelacionesxCristianismo 72lembaJudaísmoxRelacionesxCristianismo1 aMartinez Gazquez, Jose, eeditor1 aTolan, John Victor, d[1959- ]eeditor 2lcccLIB 102lcc4070aINV-033bINV-033cGENERALd2020-01-08kEHoBR127 A58 2013pIIH000029600r2020-01-08 00:00:00tC:1v1.00yLIB